000 00870nam a2200229Ia 4500
005 20250108125014.0
008 008 250107s9999 xx 000 0 hin d
020 _a978-93-84255-90-9
037 _aTB
040 _aCRL
_bhin
_cCRL
041 _ahin
_2hin
084 _aO152,4x Q7
084 _qCRL
100 _aसरस्वती, निरंजनानन्द, ले.
245 0 _aघेरण्ड संहिता: महर्षि घेरण्ड की योगशिक्षा पर भाष्य
_cसरस्वती, निरंजनानन्द, ले.
260 _aबिहार, भारत
_bयोग पब्लिकेशन्स ट्रस्ट
_c2973
300 _a464पृ0
365 _aINR
_b400
650 _aधर्म
942 _cTB
_hO152,4x Q7
999 _c1235361
_d1235361